Statistiken für Wüste nach Bildern

Klicken Sie hier um das Quiz zu spielen!

Allgemein

  • Dieses Quiz wurde 39 mal gespielt
  • Das Durchschnittsergebnis liegt bei 3 aus 16

Antwortstatistiken

Antwort% Korrekt
Sahara
88%
Gobi
63%
Antarktis
47%
Namib
28%
Atacama-Wüste
19%
Große Sandwüste
19%
Arabische Wüste
16%
Sonora-Wüste
13%
Mojave-Wüste
9%
Karakum
3%
Pinnacle Wüste
3%
Wadi Rum
3%
Dascht-e Lut
0%
Painted Desert
0%
Salar de Uyuni
0%
Weiße Wüste
0%

Verteilung der Resultate

Perzentil nach korrekt beantworteten Fragen

Anzahl Personen mit jedem Resultat

Ihre Resultats-Entwicklung

Sie haben dieses Quiz noch nicht gespielt